| 000 | 03088nam0a2200445 4500 | ||
|---|---|---|---|
| 001 | RU\NLR\BIBL_A\016244920 | ||
| 005 | 20230112120600.0 | ||
| 010 |
_a978-5-04-174852-4 _95000 |
||
| 021 |
_aRU _bКН-П-22-085435 _9КН-П-22-7554 |
||
| 035 | _a(NLR Aleph) 016244920 | ||
| 035 | _a(RuMoRGB)011431698 | ||
| 090 |
_a12809196 _c12809196 |
||
| 100 | _a20221222d2023 u y0rusy50 ca | ||
| 101 | 0 | _arus | |
| 102 | _aRU | ||
| 105 | _aag||n|||000zy | ||
| 181 | 0 |
_ai _baxxe |
|
| 182 | 0 | _an | |
| 200 | 1 |
_aОбщевоинские уставы Вооруженных Сил Российской Федерации с Уставом военной полиции _eс изменениями на 2023 год _e[сборник] |
|
| 203 |
_aТекст _bвизуальный _cнепосредственный |
||
| 205 | _a[Офиц. изд.] | ||
| 210 |
_aМосква _cЭксмо _d2023 [т.е. 2022] |
||
| 215 |
_a477, [1] с. _cил., ноты, табл. _d20 |
||
| 225 | 1 | _aЗаконы и кодексы | |
| 300 | _aЗагл. корешка: Общевоинские уставы Вооруженных Сил РФ | ||
| 300 | _aКн. фактически изд. в 2022 г. | ||
| 327 | 1 | _aCодерж.: Устав внутренней службы; Дисциплинарный устав; Устав гарнизонной и караульной служб; Строевой устав; Устав военной полиции | |
| 330 | _aНастоящее издание содержит тексты Общевоинских уставов Вооруженных Сил Российской Федерации со всеми изменениями и дополнениями на 2023 год. "Устав внутренней службы Вооруженных Сил Российской Федерации"; "Дисциплинарный устав Вооруженных Сил Российской Федерации"; "Устав гарнизонной и караульной служб Вооруженных Сил Российской Федерации"; "Строевой устав Вооруженных Сил Российской Федерации"; "Устав военной полиции Вооруженных Сил Российской Федерации" | ||
| 516 | 1 | _aОбщевоинские уставы Вооруженных Сил РФ | |
| 604 |
_171001$aРоссийская Федерация _15012#$aВоенные уставы и наставления$2nlr_sh2$3RU\NLR\AUTH\661300504 _aРоссийская Федерация _tВоенные уставы и наставления _92160951 _3RU\NLR\AUTH\661300504 |
||
| 675 |
_a355.13(470)(094.5) _v4 |
||
| 686 |
_a68.424.1(2Рос)-3 _2rubbks |
||
| 686 | 1 | _aХ621.161-321.2 | |
| 686 | 1 | _aЦ.б(2)6 | |
| 740 | 1 |
_aРоссийская Федерация _tВоенные уставы и наставления _9280880 _3RU\NLR\AUTH\884673 |
|
| 942 | _cBOOK | ||
| 980 | _aNB | ||